zpět

Detail výsledku týmu

Pod Obrazem, Krnov

Datum a čas kvízu

23 Celkem bodů Celkový počet nahraných bodů na tomto kvízu bez doplňovacích otázek.
5. Pořadí na kvízu Konečné umístění týmu na tomto kvízu.

Zaznamenané odpovědi

# Otázka Odpověď Body Výsledky
1. O konfliktu prezidenta Pavla s... D 1
2. Která velká evropská země schv... Francie 0
3. TV Prima minulý týden představ... Asia Express 0
4. Která značka představila minul... Jawa 1
5. Brankář Anatolij Trubin v posl... Benfica Lisabon 1
6. Na obrázku níže můžete vidět d... Drákula a Frankenstein 0.5
7. Co by to bylo za hororové téma... D 0
8. Ze které (převážně videoherní)... Silent Hill 1
9. Přiřaďte herce a herečky k jej... 1B 2D 3A 4C 0
10. Čím je inspirován česko-americ... D 1